| 000 -CABECERA |
| fixed length control field |
01402nam a22002537a 4500 |
| 003 - IDENTIFICADOR DEL NÚMERO DE CONTROL |
| control field |
AR-CdUCM |
| 008 - DATOS DE LONGITUD FIJA--INFORMACIÓN GENERAL |
| fixed length control field |
190321b ||||| |||| 00| 0 spa d |
| 040 ## - FUENTE DE LA CATALOGACIÓN |
| Agencia/entidad que catalogó originalmente la obra |
MUNICIPALIDAD PROVINCIAL DEL CUSCO |
| Entidad que transcribió la catalogación |
BIBLIOTECA MUNICIPAL DEL CUSCO |
| 082 ## - NÚMERO DE LA CLASIFICACIÓN DECIMAL DEWEY |
| No. de Clasificación |
792.9856 / |
| Notacion interna |
IT87 |
| 100 ## - ENTRADA PRINCIPAL--NOMBRE DE PERSONA |
| Nombre Personal |
Itier, César |
| 245 ## - MENCIÓN DE TÍTULO |
| Título |
El teatro quechua en el Cuzco / |
| 260 ## - PUBLICACIÓN, DISTRIBUCIÓN, ETC. |
| Lugar de publicación, distribución, etc. |
Cusco : |
| Nombre de la editorial, distribuidor, etc. |
Instituto Francés de Estudios Andinos : |
| -- |
Centro de Estudios Regionales Andinos Bartolomé de las Casas, |
| Fecha de publicación, distribución, etc. |
2000. |
| 300 ## - DESCRIPCIÓN FÍSICA |
| Nº de Páginas Extensión |
2 tomos ; |
| Otros detalles físicos |
ilustraciones ; |
| Dimensiones |
24 cm. |
| 440 ## - MENCIÓN DE SERIE/PUNTO DE ACCESO ADICIONAL--TÍTULO |
| Título |
Travaux de l´Institut |
| Número de la parte/sección de una obra |
: 125 |
| 9 (RLIN) |
22164 |
| 440 ## - MENCIÓN DE SERIE/PUNTO DE ACCESO ADICIONAL--TÍTULO |
| Título |
Monumenta lingüística andina |
| Número de la parte/sección de una obra |
: 7 |
| 9 (RLIN) |
22165 |
| 505 ## - NOTA DE CONTENIDO CON FORMATO |
| Nota de contenido formateada |
Contenido: Tomo 1: Dramas y comedias de Nemesio Zúñiga Cazorla : Qurich'uspi (1915), T'ikahina (1934), Katacha (1930?) |
| 505 ## - NOTA DE CONTENIDO CON FORMATO |
| Nota de contenido formateada |
Contenido: Tomo 2: Indigenismo, lengua y literatura en el Perú moderno : Sumaqt'ika de Nicanor Jara (1899), Manco II de Luis Ochoa Guevara (1921). -- El siglo XIX: gestión de un renacimiento -- 1899: Sumaqt´ika o la responsabilidad de las élites -- 1906 - 1916: el Tahuantinsuyo resucitado ... |
| 650 ## - PUNTO DE ACCESO ADICIONAL DE MATERIA--TÉRMINO DE MATERIA |
| Descriptor |
Teatro cuzqueño - Historia |
| 9 (RLIN) |
22166 |
| 650 ## - PUNTO DE ACCESO ADICIONAL DE MATERIA--TÉRMINO DE MATERIA |
| Descriptor |
Teatro - Perú |
| 9 (RLIN) |
4476 |
| 650 ## - PUNTO DE ACCESO ADICIONAL DE MATERIA--TÉRMINO DE MATERIA |
| Descriptor |
Indigenismo - Teatro - Cusco |
| 9 (RLIN) |
22167 |
| 710 ## - PUNTO DE ACCESO ADICIONAL--NOMBRE DE ENTIDAD CORPORATIVA |
| Nombre corporativo (En letras Mayúsculas) |
Institut Français d'Études Andines. |
| Título del trabajo |
Centro de Estudios Regionales Andinos Bartolomé de Las Casas. |
| 9 (RLIN) |
22168 |
| 942 ## - ELEMENTOS DE PUNTO DE ACCESO ADICIONAL (KOHA) |
| Fuente de clasificación |
|
| Tipo de item |
Libros-BMC |
| 945 ## - PROCESAMIENTO DE INFORMACIÓN LOCAL (OCLC) |
| Catalogador |
lccs |